00461nam a22001337a 4500003000500000038001800005082000800023100001400031245012900045264003400174300002500208700003700233856005700270NUST aNusrat Nadeem a200 aZeb, Khan aConflict, Governance and Prospects for Peace in Pre-Merger Federally Administered Tribal Areas (FATA) of Pakistan/cKhan Zeb aIslamabad;bCIPS NUST;c2022. a254,p;bill;c30,cm. aSupervisor: Dr. Bakare Najimdeen uhttp://10.250.8.41:8080/xmlui/handle/123456789/31600